Elementos de geografía de España

Gespeichert in:
Bibliographische Detailangaben
1. Verfasser: Castellanos de Losada, Basilio Sebastián
Format: keine Angabe
Sprache:Spanisch
Erschienen: Madrid s n (Imprenta de Anselmo Santa Coloma) 1859
Katalog:MANES:  Suchergebnis im Bibliothekskatalog
Schulbuchspezifische Eigenschaften:
Tags: Tag hinzufügen
Keine Tags, Fügen Sie den ersten Tag hinzu!
Hinzugefügt zu:26.04.2016
Geändert in:30.01.2026

MARC

LEADER 000000000a22000000004500
001 34723
003 OSt
005 20260130100118.0
008 160427s sp ||||| |||| 00| 0 spa d
040 |a manes  |c manes 
041 |a Español 
100 1 |a Castellanos de Losada, Basilio Sebastián  |9 20273 
245 0 0 |a Elementos de geografía de España 
260 3 |a Madrid  |b s n (Imprenta de Anselmo Santa Coloma)  |c 1859 
300 |a 254 p., [1] h. de mapa pleg.  |c 19 cm 
500 |a Signatura: T37/57. Sin enc.  
690 |a GEO 
691 0 |a SE 
942 |2 ddc  |c BK 
546 |a España 
999 |c 41721  |d 41721 
999 |c manes:41721  |d 41721